Microcontroladores PIC: la solución en un chip
Saved in:
| Main Authors: | , , |
|---|---|
| Format: | Bog |
| Sprog: | spansk |
| Udgivet: |
Madrid
Paraninfo
2000
|
| Udgivelse: | 4a. ed |
| Fag: | |
| Tags: |
Tilføj Tag
Ingen Tags, Vær først til at tagge denne postø!
|
MARC
| LEADER | 00000nam a2200000 a 4500 | ||
|---|---|---|---|
| 001 | UCN9566 | ||
| 003 | CL-VaPUC | ||
| 008 | 011207e20000000SP |||||||||||||||||spa|d | ||
| 082 | 0 | 4 | |a 621.38132 |b MAR |2 21 |
| 100 | |a Martín Cuenca, Eugenio |e autor |9 487724 | ||
| 700 | 0 | |a Angulo Usategui, José María |e author |9 466094 | |
| 700 | 0 | |a Angulo Martínez, Ignacio |e author |9 466095 | |
| 245 | 1 | 0 | |a Microcontroladores PIC: la solución en un chip |
| 250 | |a 4a. ed | ||
| 300 | |a 489 p | ||
| 942 | |c BK | ||
| 945 | |d 20011207 00:00:00 |a crobeson | ||
| 260 | |a Madrid |b Paraninfo |c 2000 | ||
| 650 | 7 | |a MICROCONTROLADORES |2 CL-VaPUC |9 356861 | |
| 650 | 7 | |a MICROPROCESADORES |2 CL-VaPUC |9 259881 | |
| 650 | 0 | |a Programación de computadores |9 259531 | |
| 583 | |a last modification |c 20011207 00:00:00 |k Rodrigo Vera | ||
| 999 | |c 298876 |d 298874 | ||
| 952 | |0 0 |1 0 |2 ddc |4 0 |6 621_381320000000000_MAR_2000 |7 0 |8 A |9 354861 |a BIBING |b BIBING |c RES |d 2019-11-21 |i 3752356 |o 621.38132 MAR 2000 |p 3752356 |r 2025-01-20 |w 2019-11-21 |y BK |k EIE | ||
| 952 | |0 0 |1 0 |2 ddc |4 0 |6 621_381320000000000_MAR_2000 |7 0 |8 A |9 354862 |a BIBING |b BIBING |c RES |d 2019-11-21 |i 3752364 |o 621.38132 MAR 2000 |p 3752364 |r 2025-01-20 |w 2019-11-21 |y BK |k EIE | ||
| 952 | |0 0 |1 0 |2 ddc |4 0 |6 621_381320000000000_MAR_2000 |7 0 |8 A |9 354863 |a BIBING |b BIBING |c RES |d 2019-11-21 |i 3752372 |o 621.38132 MAR 2000 |p 3752372 |r 2025-01-20 |w 2019-11-21 |y BK |k EIE | ||